000 00622cab a2200229 4500
001 WB2910-34
008 090401t1993 xxu||||| |||| 00| 0 eng d
035 _a(Sirsi) u68140
041 _aeng
100 _aWright, J.
245 4 _aThe appliance of science
260 _c1993
350 _a0
490 _aIndependent
_v8 March 1993, 21(1)
520 _aLand surveyors are realising that psychology plays a large part in settling boundary disputes.
650 _aBoundary disputes
_96221
650 _aLAND SURVEYORS
650 _aPSYCHOLOGY
690 _aLAND SURVEYING
942 _n0
948 _c04/03/1997
999 _c42723
_d42723